00754nam a2200217 a 450000100100000000500170001000800410002702000150006804000250008308200190010810000330012724500550016026000270021530000210024250000710026365000280033465000310036204900090039395201170040299900170051900001510220240412074242.0100201s2003 dr 000 p spa d a999349772X aDO-SdBNPbspacBNPHU aRD861.44bB2951 aBaruc, Daniel,d1962-93418910aCeremonia en torno a una ausencia /cDaniel Baruc. a[s.l] :b[s.n],c2003. a191 p. ;c21 cm. aIncluye datos biográficos del autor en la solapa de la cubierta. 0aPoesía dominicana966 0aLiteratura dominicana.967 aBNPD 0010718PDaPDbPDcCTd2010-02-01iLF1l0oRD861.44 B295p15102-10r2020-06-25w2020-06-25yLFPDZNo se presta c14674d14674